000 01486cam a2200469 cc4500
001 166820763X
003 DE-627
005 20260212130924.0
007 tu
008 190701s2019 gw ||||| 6 00| ||ger c
015 _a19,N25
_2dnb
016 7 _a1188481185
_2DE-101
020 _a9783963583742
_c : EUR 7.00 (DE), EUR 7.20 (AT)
020 _a3963583746
024 3 _a9783963583742
035 _a(DE-627)166820763X
035 _a(DE-599)DNB1188481185
035 _a(OCoLC)1159697878
040 _aDE-627
_bger
_cDE-627
_erda
041 _ager
_hjpn
044 _cXA-DE-HH
082 0 4 _a741.5
_qDE-101
084 _a5.2
_2asb
084 _a5.2
_2ssd
084 _a5.2 Comic
_2sfb
084 _aR 70 Ju
_2kab
100 1 _aHagino, Makoto
_eVerfasserIn
_0(DE-588)1189174251
_0(DE-627)1667908391
_4aut
245 1 4 _aEin tropischer Fisch sehnt sich nach Schnee
_n2
_cMakoto Hagino ; aus dem Japanischen von Julia Gstöttner
250 _aDeutsche Ausgabe, 1. Auflage
264 1 _aHamburg
_baltraverse
_c2019
300 _a161 Seiten
336 _aText
_btxt
_2rdacontent
336 _aunbewegtes Bild
_bsti
_2rdacontent
337 _aohne Hilfsmittel zu benutzen
_bn
_2rdamedia
338 _aBand
_bnc
_2rdacarrier
490 0 _aGirls love
655 7 _aComic
_0(DE-588)4010427-8
_0(DE-627)104377402
_0(DE-576)208887989
_2gnd-content
700 1 _aGstöttner, Julia
_eÜbersetzerIn
_4trl
773 1 8 _w(DE-627)1668471825
_g2
_q2
_7nnam
942 _2ddc
_cMGA
_n0
951 _aMV
999 _c1487
_d1487